Compendio de Derecho Matrimonial:par la pastoral faminiar / Fredi Gonzalez G. (Registro nro. 12403)

Detalles MARC
000 -LEADER
fixed length control field 00531nam a22001691a 4500
001 - CONTROL NUMBER
control field 12403
003 - CONTROL NUMBER IDENTIFIER
control field OSt
005 - DATE AND TIME OF LATEST TRANSACTION
control field 20260204212324.0
008 - FIXED-LENGTH DATA ELEMENTS--GENERAL INFORMATION
fixed length control field 150702s2004||||dr ||||||b||||||||||spa||
082 ## - DEWEY DECIMAL CLASSIFICATION NUMBER
Classification number RD 345.016
100 ## - ASIENTO PRINCIPAL -- NOMBRE PERSONAL
Personal name Gonzalez G., Fredi
245 ## - TÍTULO PROPIAMENTE DICHO: SUBTÍTULO
Title Compendio de Derecho Matrimonial:par la pastoral faminiar / Fredi Gonzalez G.
264 ## - PRODUCTION, PUBLICATION, DISTRIBUTION, MANUFACTURE, AND COPYRIGHT NOTICE
Place of production, publication, distribution, manufacture Santo Domingo: Amigo del Hogar
300 ## - PHYSICAL DESCRIPTION
Extensión 73 p.
650 ## - ASIENTO SECUNDARIO DE MATERIA -- TERMINO TEMÁTICO
Termino Temático Como Elemento de Entrada MATRIMONIO 2.MATRIMONIO - LEGISLACION - REPUBLICA DOMINICANA 3.MATRIMONIO E IGLESIA CATOLICAÌ
942 ## - ADDED ENTRY ELEMENTS (KOHA)
Source of classification or shelving scheme Dewey Decimal Classification
Koha item type Libros
Existencias
Withdrawn status Lost status Source of classification or shelving scheme Damaged status Not for loan Current library Date acquired Full call number Barcode Date last seen Price effective from Koha item type
    Dewey Decimal Classification Descartado para donación   Biblioteca UTECO 09/09/2019 RD 345.016 017272 09/09/2019 09/09/2019 Libros
© 2021 Derechos Reservados UTECO - Teléfono: +1 809-585-2291 - Correo electrónico: biblioteca@uteco.edu.do​  
Código postal 43000 ​​
Dirección: Avenida Universitaria No. 100, 
Cotuí, Provincia Sánchez Ramírez, República Dominicana - RNC: 404-00059-6